Music Quiz

Random Music or Song Quiz

ALL/Descendents Songs by Lyrics Quiz Stats

 Plays Quiz not verified by Sporcle

Support Sporcle.
Go Orange.
Score 0/15 Timer 15:00
0 Plays Today
Lyrics Song % Correct
I want to be classifiedSuburban Home
100%
I'm not a cool guy anymore As if I ever was beforeCoolidge
90.9%
When I looked in the mirror, I saw your face and thought of the pastClean Sheets
90.9%
Be my ex until the endShe's My Ex
81.8%
What went wrong? How could it take so long?www.sara
72.7%
Easy as it is to fall in love It's easier to fall apartSick-O-Me
63.6%
So what am I supposed to say? How's the weather anyway?Long Distance
63.6%
Confusion, Illusion, MisinterpretationOriginal Me
63.6%
Lyrics Song % Correct
Wet sand on a foggy beach, the sky is grey You would call it a perfect dayHere with Me
63.6%
I remember the love and lies and promisesBreakin' Up
63.6%
Will you think of me when you smile Do old memories bring tears to your eyesUntil I Say So
45.5%
I remember once this guy, made my girl cry, So I went to get a hammer to break his knees Better Than That
45.5%
How I'm this close to cashing in How I chase dreams that don't exist How I hate girls and I hate my life The pain that rips me tears me ruins meShe Loves Me
45.5%
When I'm with you all the world goes away Your smile and your eyes, they keep me aliveIn Love This Way
36.4%
It's a part of his heritage His father was that way too His mother can't understand why he died so soonJust Like Them
27.3%

You're not logged in!

Compare scores with friends on all Sporcle quizzes.
OR
Log In

From the Vault

Tough Choices: Science Edition

by Purple_Parrot

We can make terrible science puns. But we only do it periodically.
Remove Ads.
Support Sporcle.
Get the best of Sporcle when you Go Orange. This ad-free experience offers more features, more stats, and more fun while also helping to support Sporcle. Thank you for becoming a member.

Show Comments

Extras

Created Feb 23, 2020ReportNominate
Tags:Song Quiz, Eric

Top Quizzes Today


Score Distribution

Your Account Isn't Verified!

In order to create a playlist on Sporcle, you need to verify the email address you used during registration. Go to your Sporcle Settings to finish the process.

Report this User

Report this user for behavior that violates our Community Guidelines.

Details: